00525 2200169 4500001002100000008004100021035002000062245007900082100002300161260003100184300003300215020002200248084001600270082001000286650004600296990001300342INLIS000000000000264 ind  a0010-0120000264 aAkidah dan Akhlakbuntuk Kelas VIII Madrasah TsanawiyahcTaufik Yusmansyah aYusmansyah, Taufik aBandung :bGrafindo,c2008 axii, 118 hlm.c20 x 27,5 cm. a978-602-00-0154-8 a2X5.1 YUS a a2X5.1 aAkidah dan Akhlak -- Studi dan Pengajaran a21900264